Visualizzazione normale
Vista MARC
- MacDonald Ralph
di Personal Name
Records bibliografici associati: 1
001 - CONTROL NUMBER
- control field: 11830
003 - CONTROL NUMBER IDENTIFIER
- control field: IT-RoPau
005 - DATE AND TIME OF LATEST TRANSACTION
- control field: 20140201165814.0
008 - FIXED-LENGTH DATA ELEMENTS
- fixed length control field: 140201|| aca||aabn | a|a d
040 ## - CATALOGING SOURCE
- Original cataloging agency: IT-RoPau
- Transcribing agency: IT-RoPau
100 ## - HEADING--PERSONAL NAME
- Personal name: MacDonald Ralph
- Miscellaneous information: Codice autore SPICS: 31318
- Relator term: Autore
- Name of part/section of a work: In the Name of Love - Just the Two of Us
670 ## - SOURCE DATA FOUND
- Source citation: Work cat.: (IT-RoPau)99363: AA.VV. 794, Winelight